000 00712nam a2200265Ia 4500
003 OSt
005 20240911103453.0
008 210329s9999||||xx |||||||||||||| ||und||
020 _a9788126206803
040 _cSTCPL
041 _aMAL
082 _aM07
_bRAJ-N
100 _aWarrier, Rajasree
_qരാജശ്രീ വാര്യർ
245 0 _aNrithakala /
_cby Rajasree Warrier
_hനൃത്തകല
260 _aThiruvananthapuram :
_bChintha Publishers ,
_c2011 .
300 _a119 p.
_bPB
650 _aMalayalam literature
650 _aStudy
650 _aResearch
650 _aClassical dance
650 _aDancing
650 _aPerforming arts
942 _cBK
942 _2ddc
999 _c68226
_d68226